00779nam a22002057a 450000500170000001000150001702000260003203500140005803700090007208200100008124500870009125000060017826000430018427000740022730000330030170000380033494200240037299900190039695201580041520250522151620.0 aENG-144944 a9788192102368c995.00 aEN-128476 bDBAD a362.5 aInformal Employment in India: bIssues and Challenges/cEdited By Seepana Prakasam a  aNew DelhibBookwell Publicationsc2013 a24/4800 Ansari Road, Darya GanjbNew Delhie110002mbookwell@vsnl.net axxxii,308p.bIndexc22cm(hb) aPrakasam, Seepana eEditor981319 2ddccENh362.5mINF c211374d211374 001040718NFICaDBADbDBADd2025-05-22eDelivery of Books Act Divisiong995.00l0o362.5 INFpEN-128476r2025-05-22 00:00:00t1v995.00w2025-05-22yEN